000 00682nam a2200289Ia 4500
005 20260324143944.0
008 008 260324s9999 xx 000 0 eng d
020 _a9781315512419
037 _aEBOOK
040 _aCRL
040 _beng
040 _cCRL
041 _2eng
041 _aeng
084 _qCRL
100 _aChristine Mawhinney; Conrad A. Balliet
_91217536
245 0 _aW. B. Yeats
245 2 _bA Census of the Manuscripts
260 _bTaylor and Francis
260 _c1990
365 _a
365 _b195
856 _uhttp://www.taylorfrancis.com/books/9781315512419
942 _cEBOOK
999 _c1823572
_d1823572